000 00323nam a22001337a 4500
008 170817b xxu||||| |||| 00| 0 eng d
020 _a9780883851555
041 _aeng
080 _a51
100 _a36
101 _aMAT
245 _aCONFRONTING THE CORE CURRICULUM MATHEMATICS MAJOR
_cDOSSEY.J.A
942 _2udc
_cBK
999 _c23815
_d23815